Statistics for Can You Name All Of One Direction's Songs?

Click here to take the quiz!

General Stats

  • This quiz has been taken 17,014 times
    (16,350 since last reset)
  • The average score is 58 of 91

Answer Stats

Album Song % Correct
Midnight MemoriesMidnight Memories
91%
Up All NightWhat Makes You Beautiful
91%
Up All NightUp All Night
85%
Midnight MemoriesBest Song Ever
84%
Take Me HomeLittle Things
84%
Made In The A.M.Perfect
84%
Made In The A.M.Drag Me Down
84%
Made In The A.M.A.M.
83%
Take Me HomeKiss You
82%
Up All NightOne Thing
81%
Up All NightI Want
80%
Take Me HomeLive While We're Young
80%
Midnight MemoriesDiana
80%
Made In The A.M.History
79%
FourNight Changes
78%
FourSteal My Girl
78%
Midnight MemoriesStory Of My Life
77%
Made In The A.M.Olivia
77%
Up All NightGotta Be You
76%
Midnight MemoriesYou And I
76%
Four18
75%
FourNo Control
73%
Midnight MemoriesLittle Black Dress
73%
Take Me HomeRock Me
72%
Up All NightI Wish
71%
Take Me HomeI Would
71%
Up All NightMoments
70%
Made In The A.M.Infinity
70%
FourClouds
69%
Midnight MemoriesHappily
69%
Made In The A.M.Wolves
69%
FourFireproof
69%
Midnight MemoriesLittle White Lies
68%
FourFool's Gold
68%
Made In The A.M.If I Could Fly
67%
Midnight MemoriesStrong
66%
FourWhere Do Broken Hearts Go
66%
FourStockholm Syndrome
66%
FourGirl Almighty
65%
Up All NightMore Than This
65%
Take Me HomeOver Again
65%
Up All NightTaken
65%
FourAct My Age
65%
Made In The A.M.Hey Angel
64%
Midnight MemoriesAlive
63%
Take Me HomeLast First Kiss
63%
Take Me HomeThey Don't Know About Us
63%
Take Me HomeC'mon C'mon
63%
Made In The A.M.Love You Goodbye
62%
Made In The A.M.End Of The Day
62%
Midnight MemoriesDon't Forget Where You Belong
62%
FourChange Your Ticket
61%
Midnight MemoriesBetter Than Words
60%
Take Me HomeSummer Love
60%
Midnight MemoriesRight Now
60%
Made In The A.M.I Want To Write You A Song
60%
Made In The A.M.Never Enough
59%
FourReady To Run
59%
FourSpaces
58%
Take Me HomeBack For You
58%
Midnight MemoriesHalf A Heart
58%
Take Me HomeHeart Attack
58%
Perfect EPHome
58%
Take Me HomeChange My Mind
57%
Made In The A.M.Temporary Fix
56%
Made In The A.M.Long Way Down
56%
Up All NightNa Na Na
55%
Up All NightStole My Heart
55%
Made In The A.M.Walking In The Wind
55%
Midnight MemoriesThrough The Dark
55%
Made In The A.M.What A Feeling
54%
Up All NightTell Me A Lie
54%
Up All NightEverything About You
54%
FourIllusion
54%
Midnight MemoriesDoes He Know
54%
Up All NightSame Mistakes
53%
Up All NightSave You Tonight
52%
Take Me HomeShe's Not Afraid
51%
Midnight MemoriesSomething Great
50%
Up All NightStand Up
49%
Up All NightAnother World
49%
Take Me HomeLoved You First
47%
FourOnce In A Lifetime
47%
Midnight MemoriesWhy Don't We Go There
47%
Take Me HomeNobody Compares
46%
Take Me HomeStill The One
45%
Take Me HomeMagic
39%
Take Me HomeTruly Madly Deeply
35%
Take Me HomeIrresistible
34%
Comic Relief SingleOne Way Or Another (Teenage Kicks)
33%
Up All NightI Should've Kissed You
32%

Score Distribution

Percentile by Number Answered

Percent of People with Each Score

Your Score History

You have not taken this quiz since the last reset